00733nam a2200241 a 4500001001300000003000900013005001700022008004100039020000900080082001800089100002700107245002800134260004400162300001000206500003500216505002400251650004000275700002700315902000800342942000700350952011700357999001700474nice12345678IN_TiNIC20260116013748.0050524s1989 bana grp 000 0 eng  ac2500a291.172bIRU1 aIrudayaraj, Xavier S J aLiberation and Dialogue aBangalorebClaretian Publicationsc1989 a135p. aincludes index and biblioraphy2 aBibliography, Index aInterfaith Dialogue-Christian and o1 aIrudayaraj, Xavier S J bSRS cBK 001040708StackRoom-aHMIbHMId2007-07-17g25.00l0o291.172 IRU1p019206r2007-07-17v25.00w2005-05-24yBK c12364d12364